Name the countries by their shapes and flags - Statistics

General Stats
  • This quiz has been taken 138 times
  • The average score is 15 of 20
Answer Stats
Picture Answer % Correct
Argentina
99%
China
94%
France
94%
Italy
89%
Saudi Arabia
86%
Chile
85%
Venezuela
84%
Iraq
83%
Serbia
83%
Cuba
82%
Chad
81%
South Korea
75%
Bosnia and Herzegovina
72%
Singapore
72%
Dominican Republic
65%
Malawi
64%
Brunei
62%
Burkina Faso
61%
Guyana
57%
Lesotho
54%
No matching quizzes found
Score Distribution
Percent of People with Each Score
Percentile by Number Answered
Your Score History
You have not taken this quiz